[Event "Reykjavik op"]
[Site "Reykjavik"]
[Date "2023.03.30"]
[Round "2"]
[White "Moeller, Jared William"]
[Black "Fitzsimons, David"]
[Result "0-1"]
[WhiteElo "1974"]
[BlackElo "2338"]
[PlyCount "46"]
[EventDate "2023.03.29"]
[EventType "swiss"]
[EventRounds "9"]
[EventCountry "ISL"]
[SourceTitle "CBM 213 Extra"]
[Source "ChessBase"]
[SourceDate "2023.05.31"]
[SourceVersion "1"]
[SourceVersionDate "2023.05.31"]
[SourceQuality "1"]

1. d4 Nf6 2. c4 e6 3. Nf3 Bb4+ 4. Nbd2 0-0 5. a3 Be7 6. e4 d6 7. Be2 Nfd7 8. Qc2 e5 9. d5 a5 10. Nf1 Nc5 11. Be3 Nba6 12. Ng3 Bd7 13. b3 c6 14. h4 Rc8 15. Bd3 cxd5 16. exd5 Nxd3+ 17. Qxd3 f5 18. Ng5 h6 19. f4 exf4 20. Bxf4 hxg5 21. hxg5 Bxg5 22. Bxd6 Re8+ 23. Kd1 Qf6 0-1

[Event "BCF-chT 2223 (4NCL)"]
[Site "England"]
[Date "2023.03.19"]
[Round "8.1"]
[White "Arkell, Keith C"]
[Black "Fitzsimons, David"]
[Result "1/2-1/2"]
[WhiteElo "2413"]
[BlackElo "2361"]
[PlyCount "47"]
[EventDate "2022.10.22"]
[EventType "team-swiss"]
[EventRounds "11"]
[EventCountry "ENG"]
[SourceTitle "CBM 213 Extra"]
[Source "ChessBase"]
[SourceDate "2023.05.31"]
[SourceVersion "1"]
[SourceVersionDate "2023.05.31"]
[SourceQuality "1"]
[WhiteTeam "Cheddleton"]
[BlackTeam "Wood Green"]
[WhiteTeamCountry "ENG"]
[BlackTeamCountry "ENG"]

1. c4 Nf6 2. Nf3 c5 3. g3 b6 4. Bg2 Bb7 5. 0-0 e6 6. Nc3 Be7 7. Re1 d5 8. cxd5 Nxd5 9. Nxd5 Bxd5 10. e4 Bb7 11. d4 cxd4 12. Nxd4 0-0 13. Be3 Nd7 14. Rc1 Rc8 15. Rxc8 Qxc8 16. Qa4 a6 17. Rc1 Nc5 18. Qd1 Qd7 19. Qc2 Rc8 20. Qb1 Bf6 21. Ne2 Qd3 22. Qxd3 Nxd3 23. Rxc8+ Bxc8 24. b3 1/2-1/2

[Event "EU-ch 23rd"]
[Site "Vrnjacka Banja"]
[Date "2023.03.13"]
[Round "11"]
[White "Valiyev, Shahin"]
[Black "Fitzsimons, David"]
[Result "1-0"]
[WhiteElo "2201"]
[BlackElo "2338"]
[PlyCount "70"]
[EventDate "2023.03.03"]
[EventType "swiss"]
[EventRounds "11"]
[EventCountry "SRB"]
[SourceTitle "CBM 213"]
[Source "ChessBase"]
[SourceDate "2023.04.30"]
[SourceVersion "1"]
[SourceVersionDate "2023.04.30"]
[SourceQuality "1"]

1. e4 Nf6 2. e5 Nd5 3. d4 d6 4. c4 Nb6 5. exd6 cxd6 6. Nc3 g6 7. h3 Bg7 8. Nf3 0-0 9. Be2 Nc6 10. 0-0 h6 11. Re1 Kh7 12. Bf1 e5 13. Be3 f5 14. dxe5 dxe5 15. Qc2 e4 16. Rad1 Qe8 17. Bc5 Rf7 18. Nb5 Qg8 19. Nfd4 Nd7 20. Bd6 Nxd4 21. Nxd4 Nf8 22. c5 Ne6 23. Nxe6 Bxe6 24. f3 Rc8 25. fxe4 f4 26. Bc4 Qe8 27. Bxe6 Qxe6 28. Qb3 Re8 29. Qxe6 Rxe6 30. e5 f3 31. gxf3 Rxf3 32. Kg2 Rf5 33. b4 Rg5+ 34. Kf3 Kg8 35. Ke4 Rg3 1-0

[Event "EU-ch 23rd"]
[Site "Vrnjacka Banja"]
[Date "2023.03.11"]
[Round "9"]
[White "Pajeken, Jakob Leon"]
[Black "Fitzsimons, David"]
[Result "1-0"]
[WhiteElo "2465"]
[BlackElo "2338"]
[PlyCount "65"]
[EventDate "2023.03.03"]
[EventType "swiss"]
[EventRounds "11"]
[EventCountry "SRB"]
[SourceTitle "CBM 213"]
[Source "ChessBase"]
[SourceDate "2023.04.30"]
[SourceVersion "1"]
[SourceVersionDate "2023.04.30"]
[SourceQuality "1"]

1. e4 c5 2. Nf3 e6 3. d4 cxd4 4. Nxd4 Nf6 5. Nc3 Nc6 6. a3 d5 7. exd5 Nxd5 8. Nxc6 bxc6 9. Qd4 Qb6 10. Qxb6 axb6 11. Bd2 Ba6 12. Bxa6 Rxa6 13. 0-0-0 Be7 14. Ne4 b5 15. Rhe1 Kd7 16. Be3 Kc7 17. Bd4 f6 18. Bc5 Re8 19. Bxe7 Rxe7 20. Nc5 Ra8 21. Nxe6+ Kb6 22. Nf4 Rxe1 23. Nxd5+ cxd5 24. Rxe1 Ra7 25. Kd2 Kc5 26. Re8 g5 27. Kd3 Kd6 28. Rf8 Ke5 29. Rb8 Ra4 30. Rb6 Rd4+ 31. Ke3 Re4+ 32. Kd2 Rd4+ 33. Kc1 1-0

[Event "London Mindsports IM-A"]
[Site "London"]
[Date "2023.02.16"]
[Round "2"]
[White "Khandelwal, Ankush"]
[Black "Fitzsimons, David"]
[Result "1-0"]
[WhiteElo "2209"]
[BlackElo "2342"]
[PlyCount "97"]
[EventDate "2023.02.15"]
[EventType "tourn"]
[EventRounds "9"]
[EventCountry "ENG"]
[EventCategory "3"]
[SourceTitle "CBM 212 Extra"]
[Source "ChessBase"]
[SourceDate "2023.03.31"]
[SourceVersion "1"]
[SourceVersionDate "2023.03.31"]
[SourceQuality "1"]

1. e4 e6 2. d4 d5 3. exd5 exd5 4. Nf3 Nf6 5. Bd3 Bd6 6. 0-0 0-0 7. Bg5 Bg4 8. Nbd2 Nbd7 9. c4 c6 10. c5 Bc7 11. b4 Re8 12. Qc2 h6 13. Bh4 Nf8 14. Rfe1 Rxe1+ 15. Rxe1 Ne6 16. Bh7+ Kf8 17. Bf5 Bxf5 18. Qxf5 g5 19. Bg3 Bxg3 20. fxg3 Kg7 21. g4 Qc7 22. g3 Ng8 23. Nb3 Ne7 24. Qd3 Ng6 25. Nbd2 a5 26. b5 b6 27. cxb6 Qxb6 28. bxc6 Qxc6 29. Nf1 Rc8 30. Ne3 Qc3 31. Qd1 Qa3 32. Nxd5 Qxa2 33. Ne3 Qb2 34. d5 Nef8 35. d6 Rd8 36. Nf5+ Kh7 37. Qd5 Qb6+ 38. Kg2 Ne6 39. Rxe6 fxe6 40. Qxe6 Qb7 41. Ne7 Qb2+ 42. Kh3 Qg7 43. Nxg6 a4 44. Ne7 a3 45. Qf5+ Kh8 46. Ne5 a2 47. Nf7+ Qxf7 48. Qxf7 a1Q 49. Ng6# 1-0

[Event "Dublin Irish New Year GM"]
[Site "Dublin"]
[Date "2023.01.08"]
[Round "8"]
[White "Van Foreest, Lucas"]
[Black "Fitzsimons, David"]
[Result "1-0"]
[WhiteElo "2583"]
[BlackElo "2339"]
[PlyCount "49"]
[EventDate "2023.01.04"]
[EventType "tourn"]
[EventRounds "9"]
[EventCountry "IRL"]
[EventCategory "6"]
[SourceTitle "CBM 212 Extra"]
[Source "ChessBase"]
[SourceDate "2023.03.31"]
[SourceVersion "1"]
[SourceVersionDate "2023.03.31"]
[SourceQuality "1"]

1. d4 Nf6 2. Bg5 e6 3. Nd2 h6 4. Bh4 d5 5. e3 c5 6. c3 Nbd7 7. Bd3 Bd6 8. f4 b6 9. Ngf3 Bb7 10. 0-0 0-0 11. g4 Be7 12. Bxf6 Nxf6 13. g5 hxg5 14. Nxg5 g6 15. Rf2 cxd4 16. cxd4 Kg7 17. Bxg6 Kxg6 18. Rg2 Kh6 19. Ndf3 Bc6 20. Ne5 Be8 21. Rg3 Rc8 22. Qf3 Bd6 23. Rh3+ Kg7 24. Nxe6+ fxe6 25. Qg2+ 1-0

[Event "Dublin Irish New Year GM"]
[Site "Dublin"]
[Date "2023.01.06"]
[Round "4"]
[White "O'Donnell, Conor"]
[Black "Fitzsimons, David"]
[Result "0-1"]
[WhiteElo "2323"]
[BlackElo "2339"]
[PlyCount "130"]
[EventDate "2023.01.04"]
[EventType "tourn"]
[EventRounds "9"]
[EventCountry "IRL"]
[EventCategory "6"]
[SourceTitle "CBM 212 Extra"]
[Source "ChessBase"]
[SourceDate "2023.03.31"]
[SourceVersion "1"]
[SourceVersionDate "2023.03.31"]
[SourceQuality "1"]

1. d4 d5 2. c4 c6 3. cxd5 cxd5 4. Bg5 Nc6 5. Nc3 Qb6 6. e4 e6 7. exd5 exd5 8. Bd3 Be7 9. Be3 Nf6 10. Qd2 0-0 11. Nge2 Be6 12. 0-0 Rac8 13. Rac1 Na5 14. Na4 Qb4 15. Qxb4 Bxb4 16. Nc5 Nc4 17. Bxc4 dxc4 18. Nf4 Nd5 19. Nfxe6 fxe6 20. Ne4 b5 21. a3 Ba5 22. Rc2 Rc6 23. g3 Rf3 24. Re2 Bb6 25. Rc1 Rf8 26. Nc3 Rf5 27. g4 Nxc3 28. bxc3 Rd5 29. f4 Bc7 30. Rce1 Kf7 31. Bc1 Bd8 32. Kg2 a5 33. Re5 Bc7 34. R5e4 g6 35. Kf3 Bd8 36. R1e2 Be7 37. Ra2 Rb6 38. Ke2 Rb7 39. Re5 Bd6 40. Rxd5 exd5 41. Kf3 Re7 42. Be3 Kf6 43. Bf2 Rb7 44. Bh4+ Ke6 45. Bg3 Kf6 46. Bh4+ Ke6 47. Bg3 Kf6 48. Bh4+ Kf7 49. Be1 Re7 50. Bd2 Ke6 51. Rb2 Rb7 52. Ra2 Rf7 53. g5 Kf5 54. Rb2 Rb7 55. Ra2 Rb6 56. Ra1 b4 57. axb4 axb4 58. cxb4 Bxb4 59. Rb1 Bc5 60. Rxb6 Bxb6 61. Bc3 Bc7 62. Bd2 Bd6 63. h3 Ba3 64. Ba5 Bb2 65. Bb6 c3 0-1

[Event "Sitges Sunway op 9th"]
[Site "Sitges"]
[Date "2022.12.15"]
[Round "4"]
[White "Fitzsimons, David"]
[Black "Joel Paul, Ganta"]
[Result "1/2-1/2"]
[WhiteElo "2352"]
[BlackElo "2183"]
[PlyCount "79"]
[EventDate "2022.12.12"]
[EventType "swiss"]
[EventRounds "10"]
[EventCountry "ESP"]
[SourceTitle "CBM 211 Extra"]
[Source "ChessBase"]
[SourceDate "2023.01.31"]
[SourceVersion "1"]
[SourceVersionDate "2023.01.31"]
[SourceQuality "1"]

1. e4 c5 2. Nf3 d6 3. d4 cxd4 4. Qxd4 Nc6 5. Qe3 Nf6 6. Be2 g6 7. 0-0 Bg7 8. Rd1 Ng4 9. Qb3 0-0 10. h3 Nge5 11. Nxe5 Bxe5 12. c3 Qc7 13. Na3 a6 14. Nc4 b5 15. Nxe5 dxe5 16. Be3 Be6 17. Qa3 Qb7 18. Rd2 Rfc8 19. b4 Nb8 20. Rad1 Nd7 21. Qa5 Kg7 22. a4 Rab8 23. c4 Nf6 24. cxb5 axb5 25. f3 Bb3 26. Bxb5 Bxd1 27. Rxd1 Rc2 28. Qa7 Qc8 29. Qxe7 Qc3 30. Qa7 Rxb5 31. axb5 Qc4 32. Rf1 Qxb5 33. Qa5 Qe2 34. Bf2 Nd7 35. b5 Rb2 36. b6 Qb5 37. Qc3 Nxb6 38. Bg3 Nd7 39. Rf2 Rxf2 40. Bxf2 1/2-1/2

[Event "Sitges Sunway op 9th"]
[Site "Sitges"]
[Date "2022.12.12"]
[Round "1"]
[White "Kotmans, Rob"]
[Black "Fitzsimons, David"]
[Result "0-1"]
[WhiteElo "1948"]
[BlackElo "2352"]
[PlyCount "82"]
[EventDate "2022.12.12"]
[EventType "swiss"]
[EventRounds "10"]
[EventCountry "ESP"]
[SourceTitle "CBM 211 Extra"]
[Source "ChessBase"]
[SourceDate "2023.01.31"]
[SourceVersion "1"]
[SourceVersionDate "2023.01.31"]
[SourceQuality "1"]

1. e4 c5 2. Nc3 Nc6 3. g3 g6 4. d3 Bg7 5. Be3 d6 6. Bg2 h5 7. h3 e5 8. f4 Nge7 9. Nf3 Nd4 10. Qd2 Nxf3+ 11. Bxf3 Be6 12. Nd1 Qd7 13. Nf2 exf4 14. gxf4 Bxb2 15. Rb1 Bg7 16. d4 cxd4 17. Bxd4 0-0 18. Bxg7 Kxg7 19. e5 dxe5 20. Rxb7 Qxd2+ 21. Kxd2 Rfd8+ 22. Nd3 Nf5 23. fxe5 Bxa2 24. Ra1 Be6 25. Raxa7 Rxa7 26. Rxa7 Nh4 27. Ke3 Nxf3 28. Kxf3 Bxh3 29. Nf4 Bg4+ 30. Kg3 g5 31. Nh3 Kg6 32. Ra6+ Be6 33. Nf2 Rc8 34. Ne4 Rxc2 35. Kf3 Ra2 36. Rc6 Ra3+ 37. Nc3 Kf5 38. Rc5 h4 39. Kf2 g4 40. Ne2 g3+ 41. Kg2 Kg4 0-1

[Event "Budapest FS11 GM"]
[Site "Budapest"]
[Date "2022.11.14"]
[Round "8"]
[White "Bai, Adelard"]
[Black "Fitzsimons, David"]
[Result "1/2-1/2"]
[WhiteElo "2410"]
[BlackElo "2368"]
[PlyCount "67"]
[EventDate "2022.11.05"]
[EventType "tourn"]
[EventRounds "9"]
[EventCountry "HUN"]
[EventCategory "6"]
[SourceTitle "CBM 211 Extra"]
[Source "ChessBase"]
[SourceDate "2023.01.31"]
[SourceVersion "1"]
[SourceVersionDate "2023.01.31"]
[SourceQuality "1"]

1. d4 Nf6 2. c4 g6 3. Nf3 Bg7 4. g3 0-0 5. Bg2 d6 6. 0-0 Nc6 7. Nc3 e5 8. dxe5 dxe5 9. Bg5 h6 10. Qxd8 Rxd8 11. Bxf6 Bxf6 12. Nd5 Kg7 13. Nxc7 Rb8 14. Nd5 e4 15. Nd2 Bxb2 16. Rab1 Ba3 17. Rb3 Bf8 18. Nxe4 Na5 19. Rc3 Nxc4 20. Rxc4 Rxd5 21. Rc7 Ra5 22. Rd1 Rxa2 23. Nc3 Ra6 24. Bd5 Be6 25. Bxe6 Rxe6 26. Rdd7 Rf6 27. Nd5 Bd6 28. Rxb7 Rxb7 29. Rxb7 Re6 30. Rxa7 Rxe2 31. Ra4 Bc5 32. Rf4 f5 33. Rf3 Rd2 34. Ne3 1/2-1/2

[Event "Budapest FS11 GM"]
[Site "Budapest"]
[Date "2022.11.09"]
[Round "5"]
[White "Fitzsimons, David"]
[Black "Aveskulov, Valeriy"]
[Result "0-1"]
[WhiteElo "2368"]
[BlackElo "2517"]
[PlyCount "98"]
[EventDate "2022.11.05"]
[EventType "tourn"]
[EventRounds "9"]
[EventCountry "HUN"]
[EventCategory "6"]
[SourceTitle "CBM 211 Extra"]
[Source "ChessBase"]
[SourceDate "2023.01.31"]
[SourceVersion "1"]
[SourceVersionDate "2023.01.31"]
[SourceQuality "1"]

1. e4 c5 2. Nf3 d6 3. d4 Nf6 4. Nc3 cxd4 5. Nxd4 a6 6. Bg5 e6 7. f4 Nbd7 8. Qe2 Qc7 9. 0-0-0 b5 10. a3 Bb7 11. g4 Be7 12. Bg2 0-0 13. h4 Nb6 14. h5 Rac8 15. Bh4 Qc4 16. Rd3 b4 17. axb4 Qxb4 18. Nb3 Na4 19. Be1 Nc5 20. Nd5 Nxd5 21. Bxb4 Nxf4 22. Qd2 Ncxd3+ 23. Kb1 Nxb4 24. Qxb4 Ba8 25. Bf1 Rb8 26. Qa4 h6 27. Bxa6 Bf6 28. Re1 Be5 29. Bb5 Rb6 30. Be8 Rb8 31. Bc6 Bxc6 32. Qxc6 Rb4 33. Re3 Rfb8 34. Qa6 Ng2 35. Re2 Nf4 36. Re3 g5 37. hxg6 Nxg6 38. Rf3 R8b7 39. Qc6 Kg7 40. Rf2 Ne7 41. Qe8 Ng8 42. g5 hxg5 43. Rg2 Bf4 44. e5 dxe5 45. Nc5 Rxb2+ 46. Ka1 Rb1+ 47. Ka2 R7b2+ 48. Ka3 Rb8 49. Nxe6+ Kf6 0-1

[Event "Budapest FS11 GM"]
[Site "Budapest"]
[Date "2022.11.05"]
[Round "1"]
[White "Neverov, Valeriy"]
[Black "Fitzsimons, David"]
[Result "0-1"]
[WhiteElo "2388"]
[BlackElo "2368"]
[PlyCount "78"]
[EventDate "2022.11.05"]
[EventType "tourn"]
[EventRounds "9"]
[EventCountry "HUN"]
[EventCategory "6"]
[SourceTitle "CBM 211 Extra"]
[Source "ChessBase"]
[SourceDate "2023.01.31"]
[SourceVersion "1"]
[SourceVersionDate "2023.01.31"]
[SourceQuality "1"]

1. c4 e6 2. Nf3 Nf6 3. g3 d5 4. Bg2 Be7 5. 0-0 0-0 6. b3 c5 7. Bb2 Nc6 8. e3 d4 9. exd4 cxd4 10. Re1 Re8 11. a3 a5 12. d3 Bf8 13. Ne5 Nxe5 14. Rxe5 Nd7 15. Rb5 Nc5 16. b4 axb4 17. axb4 Rxa1 18. Bxa1 Na6 19. Qb3 e5 20. Nd2 b6 21. Qa4 Re6 22. Bh3 Qe8 23. Bxe6 Qxe6 24. Nf3 f6 25. c5 Qc6 26. Ne1 bxc5 27. bxc5 Nxc5 28. Qa5 Bb7 29. f3 Bc8 30. Rb8 Ne6 31. Qa2 h5 32. Qc4 Bc5 33. Bb2 Kh7 34. Ba3 Qc7 35. Rb3 Qa5 36. Qc1 Bd7 37. Bxc5 Nxc5 38. Ra3 Qb4 39. Ra2 Na4 0-1

[Event "BCF-chT 2223 (4NCL)"]
[Site "England"]
[Date "2022.10.22"]
[Round "1.6"]
[White "Stoyanov, Viktor"]
[Black "Fitzsimons, David"]
[Result "0-1"]
[WhiteElo "2256"]
[BlackElo "2361"]
[PlyCount "104"]
[EventDate "2022.10.22"]
[EventType "team-swiss"]
[EventRounds "11"]
[EventCountry "ENG"]
[SourceTitle "CBM 210 Extra"]
[Source "ChessBase"]
[SourceDate "2022.11.30"]
[SourceVersion "1"]
[SourceVersionDate "2022.11.30"]
[SourceQuality "1"]
[WhiteTeam "Wood Green Youth"]
[BlackTeam "Wood Green"]
[WhiteTeamCountry "ENG"]
[BlackTeamCountry "ENG"]

1. Nf3 Nf6 2. c4 g6 3. Nc3 Bg7 4. d4 0-0 5. g3 d6 6. Bg2 Nbd7 7. 0-0 e5 8. e4 Re8 9. h3 b6 10. d5 Nc5 11. Ne1 a5 12. Be3 Nfd7 13. Qc2 Rf8 14. Nd3 Nxd3 15. Qxd3 f5 16. exf5 gxf5 17. f4 e4 18. Qd2 Nc5 19. Bd4 Bd7 20. Bxg7 Kxg7 21. Qd4+ Qf6 22. Rad1 Qxd4+ 23. Rxd4 Kf6 24. g4 fxg4 25. hxg4 Bxg4 26. Nxe4+ Nxe4 27. Bxe4 Bf5 28. Kf2 Rf7 29. Rg1 Re7 30. Bxf5 Kxf5 31. Kf3 Rae8 32. Rg5+ Kf6 33. Rh5 Re3+ 34. Kg4 Rg8+ 35. Rg5 Rg6 36. Rxg6+ hxg6 37. b3 Re2 38. Rd1 Rg2+ 39. Kf3 Rxa2 40. Rh1 a4 41. bxa4 Rxa4 42. Rc1 Kf5 43. Rc3 Ra1 44. Ke2 Kxf4 45. Rf3+ Ke4 46. Rf7 Ra2+ 47. Ke1 Ra7 48. Kd2 Kd4 49. Rf4+ Kc5 50. Kc3 Ra4 51. Kb3 Rb4+ 52. Kc3 b5 0-1

[Event "London Mindsports GM"]
[Site "London"]
[Date "2022.09.14"]
[Round "9"]
[White "Fitzsimons, David"]
[Black "Lalic, Bogdan"]
[Result "1/2-1/2"]
[WhiteElo "2365"]
[BlackElo "2393"]
[PlyCount "20"]
[EventDate "2022.09.09"]
[EventType "tourn"]
[EventRounds "9"]
[EventCountry "ENG"]
[EventCategory "7"]
[SourceTitle "CBM 210 Extra"]
[Source "ChessBase"]
[SourceDate "2022.11.30"]
[SourceVersion "1"]
[SourceVersionDate "2022.11.30"]
[SourceQuality "1"]

1. d4 Nf6 2. c4 e6 3. Nc3 Bb4 4. Qc2 0-0 5. a3 Bxc3+ 6. Qxc3 d5 7. Nf3 dxc4 8. Qxc4 b6 9. Bg5 Ba6 10. Qa4 c5 1/2-1/2

[Event "London Mindsports Rapid"]
[Site "London"]
[Date "2022.09.11"]
[Round "5.1"]
[White "Fitzsimons, David"]
[Black "Schulze, Lara"]
[Result "1/2-1/2"]
[WhiteElo "2363"]
[BlackElo "2191"]
[PlyCount "90"]
[EventDate "2022.09.11"]
[EventType "swiss (rapid)"]
[EventRounds "9"]
[EventCountry "ENG"]
[SourceTitle "CBM 210 Extra"]
[Source "ChessBase"]
[SourceDate "2022.11.30"]
[SourceVersion "1"]
[SourceVersionDate "2022.11.30"]
[SourceQuality "1"]

1. e4 c5 2. Nc3 Nc6 3. Bb5 Nd4 4. Nf3 a6 5. Bd3 g6 6. Nxd4 cxd4 7. Ne2 Bg7 8. c3 d5 9. Nxd4 dxe4 10. Bxe4 Bxd4 11. Qa4+ Kf8 12. Qxd4 Qxd4 13. cxd4 Nf6 14. Bf3 Kg7 15. b3 Rd8 16. Bb2 Nd5 17. 0-0 Be6 18. Rac1 Rac8 19. Rc4 Rb8 20. Rfc1 Kf8 21. Ba3 Ke8 22. Kf1 h5 23. h4 b5 24. Rc6 b4 25. Bb2 a5 26. Ra6 Nf4 27. Be4 Bd5 28. d3 Bxe4 29. dxe4 Nd3 30. Rc2 Nxb2 31. Rxb2 Rxd4 32. f3 Rb5 33. Rc2 f6 34. Ra7 Re5 35. Kf2 Rd1 36. Ke2 Rg1 37. Kf2 Rh1 38. Kg3 Kf7 39. Rc8 Ra1 40. Rc2 Rh1 41. a3 Rb1 42. axb4 axb4 43. Rb7 Rxb3 44. Rc4 Rb2 45. Rcxb4 Rxb4 1/2-1/2

[Event "London Mindsports Rapid"]
[Site "London"]
[Date "2022.09.11"]
[Round "3.5"]
[White "Fitzsimons, David"]
[Black "Zhao, George"]
[Result "1-0"]
[WhiteElo "2363"]
[BlackElo "1475"]
[PlyCount "89"]
[EventDate "2022.09.11"]
[EventType "swiss (rapid)"]
[EventRounds "9"]
[EventCountry "ENG"]
[SourceTitle "CBM 210 Extra"]
[Source "ChessBase"]
[SourceDate "2022.11.30"]
[SourceVersion "1"]
[SourceVersionDate "2022.11.30"]
[SourceQuality "1"]

1. e4 e6 2. d4 d5 3. Nc3 Nf6 4. e5 Nfd7 5. Nce2 c5 6. c3 Nc6 7. Nf3 Be7 8. a3 a5 9. a4 f6 10. Nf4 Kf7 11. exf6 Nxf6 12. Ng5+ Kg8 13. Ngxe6 Bxe6 14. Nxe6 Qd7 15. Nxc5 Bxc5 16. dxc5 Re8+ 17. Be2 Qg4 18. g3 Qf3 19. Rf1 d4 20. Be3 Qe4 21. cxd4 Nb4 22. Qb3+ Kf8 23. 0-0-0 Rc8 24. Bd3 Qe7 25. Kb1 Nfd5 26. Bc4 Nf6 27. Bf4 Qe4+ 28. Kc1 h6 29. Bd6+ Ke8 30. Rfe1 Kd8 31. Rxe4 Nxe4 32. Be5 b6 33. Ba6 Nxf2 34. Bxc8 Nxd1 35. Qxd1 Kxc8 36. Qg4+ Kd8 37. Qxg7 Nd3+ 38. Kd2 Nxe5 39. Qxh8+ Kd7 40. Qxe5 bxc5 41. dxc5 Kc6 42. Qd6+ Kb7 43. c6+ Ka7 44. Qc7+ Ka6 45. Qb7# 1-0

[Event "London Mindsports Rapid"]
[Site "London"]
[Date "2022.09.11"]
[Round "8.1"]
[White "Ortiz Sanchez, Luis"]
[Black "Fitzsimons, David"]
[Result "1-0"]
[WhiteElo "1830"]
[BlackElo "2363"]
[PlyCount "75"]
[EventDate "2022.09.11"]
[EventType "swiss (rapid)"]
[EventRounds "9"]
[EventCountry "ENG"]
[SourceTitle "CBM 210 Extra"]
[Source "ChessBase"]
[SourceDate "2022.11.30"]
[SourceVersion "1"]
[SourceVersionDate "2022.11.30"]
[SourceQuality "1"]

1. d4 Nf6 2. Nf3 g6 3. Nc3 d5 4. Bf4 Bg7 5. h3 0-0 6. e3 c5 7. Be2 Nc6 8. Ne5 Qb6 9. Na4 Qa5+ 10. c3 cxd4 11. exd4 Ne4 12. f3 Nd6 13. 0-0 Nf5 14. Nxc6 bxc6 15. g4 Nd6 16. Nc5 Qb6 17. Qb3 f6 18. Be3 Qc7 19. Kg2 Rb8 20. Qc2 f5 21. Rac1 e5 22. dxe5 Bxe5 23. Nd3 Nc4 24. Bf2 Bd6 25. b3 Ne5 26. c4 fxg4 27. hxg4 Qf7 28. Nxe5 Bxe5 29. cxd5 Qf4 30. Rh1 Bxg4 31. Qd3 cxd5 32. Qxd5+ Kh8 33. Rc4 Qf6 34. Rxg4 Rbd8 35. Qe4 Kg7 36. Be3 Rfe8 37. Bh6+ Kh8 38. Bg5 1-0

[Event "London Mindsports GM"]
[Site "London"]
[Date "2022.09.10"]
[Round "4"]
[White "Fitzsimons, David"]
[Black "Royal, Shreyas"]
[Result "1/2-1/2"]
[WhiteElo "2365"]
[BlackElo "2412"]
[PlyCount "77"]
[EventDate "2022.09.09"]
[EventType "tourn"]
[EventRounds "9"]
[EventCountry "ENG"]
[EventCategory "7"]
[SourceTitle "CBM 210 Extra"]
[Source "ChessBase"]
[SourceDate "2022.11.30"]
[SourceVersion "1"]
[SourceVersionDate "2022.11.30"]
[SourceQuality "1"]

1. e4 e5 2. Nf3 Nc6 3. Nc3 Nf6 4. Bb5 Bb4 5. 0-0 0-0 6. Bxc6 dxc6 7. d3 Nd7 8. Ne2 Re8 9. Bg5 f6 10. Be3 Nf8 11. Nh4 Ng6 12. Nxg6 hxg6 13. f4 Bg4 14. fxe5 Rxe5 15. h3 Rxe4 16. dxe4 Qxd1 17. Rfxd1 Bxe2 18. Rd7 Bd6 19. b3 g5 20. g4 Bf3 21. c4 c5 22. e5 Bxe5 23. Rf1 Bc6 24. Rd3 b6 25. Rfd1 Bd6 26. Bf2 Re8 27. Bg3 Bxg3 28. Rxg3 Re2 29. Rd8+ Kh7 30. Rc8 Rxa2 31. Rxc7 Be4 32. Re3 f5 33. gxf5 Bxf5 34. Ree7 Rb2 35. Rxg7+ Kh6 36. Rgf7 Rb1+ 37. Kg2 Rb2+ 38. Kg1 Rb1+ 39. Kg2 1/2-1/2

[Event "London Mindsports GM"]
[Site "London"]
[Date "2022.09.09"]
[Round "1"]
[White "Moreby, James"]
[Black "Fitzsimons, David"]
[Result "1/2-1/2"]
[WhiteElo "2319"]
[BlackElo "2365"]
[PlyCount "35"]
[EventDate "2022.09.09"]
[EventType "tourn"]
[EventRounds "9"]
[EventCountry "ENG"]
[EventCategory "7"]
[SourceTitle "CBM 210 Extra"]
[Source "ChessBase"]
[SourceDate "2022.11.30"]
[SourceVersion "1"]
[SourceVersionDate "2022.11.30"]
[SourceQuality "1"]

1. Nf3 d5 2. c4 e6 3. g3 Nf6 4. Bg2 Be7 5. 0-0 0-0 6. b3 c5 7. Bb2 Nc6 8. e3 d4 9. exd4 cxd4 10. Re1 Re8 11. a3 a5 12. d3 Bc5 13. Ne5 Nxe5 14. Rxe5 Qd6 15. Qe1 Bd7 16. Nd2 Bc6 17. Re2 Bxg2 18. Kxg2 1/2-1/2

[Event "London Wood Green"]
[Site "London"]
[Date "2022.07.18"]
[Round "8"]
[White "Fitzsimons, David"]
[Black "Wall, Tim"]
[Result "1-0"]
[WhiteElo "2337"]
[BlackElo "2309"]
[PlyCount "79"]
[EventDate "2022.07.14"]
[EventType "tourn"]
[EventRounds "9"]
[EventCountry "ENG"]
[EventCategory "6"]
[SourceTitle "CBM 209 Extra"]
[Source "ChessBase"]
[SourceDate "2022.09.30"]
[SourceVersion "1"]
[SourceVersionDate "2022.09.30"]
[SourceQuality "1"]

1. e4 e5 2. Nf3 Nc6 3. Bc4 Nf6 4. d3 d5 5. exd5 Nxd5 6. 0-0 Bc5 7. Re1 0-0 8. h3 Nb6 9. Bb3 a5 10. a4 Qf6 11. Nc3 Qg6 12. Ne4 Be7 13. Ng3 Bc5 14. Be3 Bd6 15. Nh4 Qf6 16. Ne4 Qd8 17. Qh5 Be7 18. Nf3 Nd5 19. Nxe5 Nxe5 20. Qxe5 c6 21. Bxd5 cxd5 22. Bc5 Bxc5 23. Nxc5 Qb6 24. Qd4 Rd8 25. Re5 Qf6 26. Rae1 Be6 27. Nxb7 Rdb8 28. Nc5 Rb4 29. Qxd5 Rd8 30. Qc6 h6 31. Nxe6 fxe6 32. b3 Rf4 33. Qxe6+ Qxe6 34. Rxe6 Rc8 35. Re8+ Rf8 36. Rxc8 Rxc8 37. Re2 Rc5 38. d4 Rc3 39. d5 Kf7 40. Kf1 1-0

[Event "London Wood Green"]
[Site "London"]
[Date "2022.07.15"]
[Round "2"]
[White "Willow, Jonah B"]
[Black "Fitzsimons, David"]
[Result "1/2-1/2"]
[WhiteElo "2393"]
[BlackElo "2337"]
[PlyCount "62"]
[EventDate "2022.07.14"]
[EventType "tourn"]
[EventRounds "9"]
[EventCountry "ENG"]
[EventCategory "6"]
[SourceTitle "CBM 209 Extra"]
[Source "ChessBase"]
[SourceDate "2022.09.30"]
[SourceVersion "1"]
[SourceVersionDate "2022.09.30"]
[SourceQuality "1"]

1. e4 e6 2. d4 d5 3. Nd2 c5 4. Ngf3 Nc6 5. exd5 exd5 6. Bb5 cxd4 7. 0-0 Bd6 8. Nb3 Nge7 9. h3 0-0 10. Nbxd4 Qb6 11. Bd3 h6 12. c3 Bd7 13. Bc2 Nxd4 14. Nxd4 Rfd8 15. Re1 Bc5 16. Be3 Qd6 17. Qd2 Ng6 18. Rad1 Qf6 19. Bxg6 Qxg6 20. Nf3 Bd6 21. Kh1 b6 22. Bf4 Bc5 23. Qxd5 Bxh3 24. Qxd8+ Rxd8 25. Rxd8+ Kh7 26. gxh3 Qf6 27. Ree8 Qxf4 28. Ne5 Qe4+ 29. Kh2 Qf4+ 30. Kh1 Qe4+ 31. Kh2 Qf4+ 1/2-1/2